Memorial del VIII Congreso Mundial sobre Derecho de Familia (Registro nro. 3035)

Detalles MARC
000 -CABECERA
Longitud fija campo de control 00759nam a22001937a 4500
003 - IDENTIFICADOR DELl NÚMERO DE CONTROL
Identificador del número de control OSt
005 - FECHA Y HORA DE LA ÚLTIMA TRANSACCIÓN
Fecha y hora de la última transacción 20131016151802.0
008 - CÓDIGOS DE INFORMACIÓN DE LONGITUD FIJA
Códigos de información de longitud fija 131015b1996 ven spa
020 ## - NÚMERO INTERNACIONAL NORMALIZADO PARA LIBROS
Número Internacional Normalizado para Libros (ISBN) 980-00-1044-0
040 ## - FUENTE DE LA CATALOGACIÓN
Centro transcriptor BMC
082 ## - NÚMERO DE LA CLASIFICACIÓN DECIMAL DEWEY
Númeroo de clasificación 346.015060
111 2# - PUNTO DE ACCESO PRINCIPAL-NOMBRE DE CONGRESO
9 (RLIN) 6944
Nombre de congreso o jurisdicción como elemento de entrada Congreso Mundial sobre Derecho de Familia
Número del congreso o número de parte o sección de la obra
Fecha del congreso 1994
Sede del congreso Caracas
245 10 - MENCIÓN DE TÍTULO
Título Memorial del VIII Congreso Mundial sobre Derecho de Familia
Mención de responsabilidad, etc. [obra recopilada, revisada y coordinada por Lourdes Wills Rivera]
260 ## - PUBLICACIÓN, DISTRIBUCIÓN, ETC. (PIE DE IMPRENTA)
Lugar de publicación, distribución, etc. Caracas
Nombre del editor, distribuidor, etc. Universidad Central de Venezuela, Facultad de Ciencias Jurídicas y Políticas, Centro de Estudios de Postgrado
Fecha de publicación, distribución, etc. 1996
300 ## - DESCRIPCIÓN FÍSICA
Extensión 2 v.
Dimensiones 22 cm
650 24 - PUNTO DE ACCESO ADICIONAL DE MATERIA - TÉRMINO DE MATERIA
9 (RLIN) 7163
Término de materia o nombre geográfico como elemento inicial Derecho de familia
Subdivisión de forma Congresos y asambleas
700 1# - PUNTO DE ACCESO ADICIONAL - NOMBRE DE PERSONA
9 (RLIN) 7162
Nombre de persona Wills Rivera, Lourdes
942 ## - ENTRADA DE ELEMENTOS AGREGADOS (KOHA)
Fuente de clasificaión o esquema Dewey Decimal Classification
Koha [por defecto] tipo de item 1- Monografias
Existencias
Suprimido Perdido Fuente de clasificación o esquema Estropeado Restricciones de uso No para préstamo Código de colección Localización permanente Localización actual Localización en estanter&íacute;as Fecha adquisición Fuente de adquisición Número de inventario Préstamos totales Signatura completa Código de barras Fecha última consulta Fecha último préstamo Coste, precio reemplazado Fecha del precio de reemplazo Tipo de item de Koha Renovaciones totales
NULL NULL Dewey Decimal Classification NULL Prestable NULL NULL Biblioteca Miguel de Cervantes - UNICAES Biblioteca Miguel de Cervantes - UNICAES Sala Principal 29/01/2009 Donación - J.Giammattei 004474 2 346.015 CON mem (v. 1) 1004474 18/03/2019 18/03/2019 18.00 16/10/2013 1- Monografias  
NULL NULL Dewey Decimal Classification NULL Prestable NULL NULL Biblioteca Miguel de Cervantes - UNICAES Biblioteca Miguel de Cervantes - UNICAES Sala Principal 29/01/2009 Donación - J. Giammattei 004475 3 346.015 CON mem (v. 2) 1004475 31/10/2019 29/10/2019 18.00 16/10/2013 1- Monografias 1